[Event "Russian Championship B13 1st league 2016"]
[Site "Loo"]
[Date "2016.04.27"]
[Round "8.26"]
[White "Zakaryaev, Murad"]
[Black "Goryachev, Ivan"]
[Result "1-0"]
[WhiteElo "1506"]
[BlackElo "1670"]
[PlyCount "96"]
[EventDate "2016.04.20"]

1. e4 e6 2. d4 d5 3. Nc3 Nf6 4. Bg5 Be7 5. exd5 exd5 6. Nf3 Bf5 7. Be2 Nc6 8.
a3 a6 9. O-O O-O 10. Nh4 Be6 11. Nf3 Nd7 12. Bxe7 Qxe7 13. Re1 Qd6 14. Qd2 Nf6
15. h3 Rfe8 16. Bd3 Bd7 17. Qg5 h6 18. Qg3 Qxg3 19. fxg3 Rad8 20. b4 b5 21.
Reb1 Ra8 22. a4 Na7 23. Ne5 c6 24. Ra2 Bc8 25. axb5 Nxb5 26. Nxb5 cxb5 27. Bxb5
Re6 28. c4 Bb7 29. Rba1 Rc8 30. cxd5 Bxd5 31. Rxa6 Rxa6 32. Bxa6 Ra8 33. b5 Ne8
34. Nd7 Nc7 35. Nb6 Ra7 36. Nxd5 Nxd5 37. Rc1 Kf8 38. Rc5 Nb6 39. Rc6 Nd5 40.
b6 Rxa6 41. b7 Ra1+ 42. Kh2 Rb1 43. Rc8+ Ke7 44. b8=Q Rxb8 45. Rxb8 Nc3 46. Rb3
Nd5 47. Rd3 Kd6 48. Rf3 f6 1-0

[Event "Russian Championship B13 1st league 2016"]
[Site "Loo"]
[Date "2016.04.27"]
[Round "8.27"]
[White "Melnikov, Vyacheslav"]
[Black "Tsymbal, Evgeny"]
[Result "1-0"]
[WhiteElo "1491"]
[BlackElo "1652"]
[PlyCount "119"]
[EventDate "2016.04.20"]

1. d4 Nf6 2. Nf3 g6 3. g3 Bg7 4. Bg2 O-O 5. O-O d6 6. c4 Nbd7 7. Nc3 Re8 8. e4
e5 9. h3 c6 10. Be3 exd4 11. Nxd4 Nc5 12. f3 Ne6 13. Qd2 Nxd4 14. Bxd4 Be6 15.
b3 Qd7 16. Kh2 Red8 17. Rad1 Qe7 18. Qe2 Qc7 19. f4 Qa5 20. Qd2 Qh5 21. f5 gxf5
22. exf5 Bxf5 23. Qf4 Ng4+ 24. Kg1 Bxd4+ 25. Rxd4 Qh6 26. hxg4 Qxf4 27. Rdxf4
Bg6 28. Be4 a6 29. Bxg6 fxg6 30. Rf7 b5 31. cxb5 axb5 32. Rb7 Rf8 33. Rxf8+
Rxf8 34. Kg2 d5 35. Rc7 Rf6 36. Ne2 Re6 37. Nd4 Re4 38. Nxc6 Re2+ 39. Kh3 Rxa2
40. Nd4 Rd2 41. Nxb5 d4 42. Rd7 d3 43. g5 Kh8 44. Nc3 Rb2 45. Ne4 Kg8 46. Nf6+
Kf8 47. Nxh7+ Ke8 48. Rxd3 Ke7 49. Re3+ Kf7 50. Nf6 Rb1 51. Kg4 Rb2 52. Nd5 Rd2
53. Nf4 Rd4 54. Re6 Rb4 55. Rxg6 Rxb3 56. Rf6+ Kg7 57. Ne6+ Kg8 58. Kf5 Rb8 59.
g6 Rb5+ 60. Kg4 1-0

[Event "Russian Championship B13 1st league 2016"]
[Site "Loo"]
[Date "2016.04.27"]
[Round "8.28"]
[White "Tishkin, Boris"]
[Black "Shakirov, Marat"]
[Result "0-1"]
[WhiteElo "1561"]
[BlackElo "1648"]
[PlyCount "68"]
[EventDate "2016.04.20"]

1. d4 d5 2. c4 e6 3. Nc3 Nf6 4. Nf3 Be7 5. Bf4 c6 6. e3 O-O 7. c5 b6 8. b4 a5
9. a3 Ba6 10. Bd3 Bxd3 11. Qxd3 axb4 12. Ne2 bxc5 13. dxc5 Nbd7 14. O-O Nxc5
15. Qc2 b3 16. Qb1 Nfe4 17. Ned4 Qb6 18. h4 Bf6 19. Bd6 Rfd8 20. Bxc5 Nxc5 21.
g4 Ne4 22. g5 Bxd4 23. exd4 b2 24. Ra2 Rdb8 25. Ne5 Nd2 26. Nd7 Qxd4 27. Qd1
b1=Q 28. Rxd2 Qxd1 29. Rdxd1 Qg4+ 30. Kh2 Rb3 31. f3 Rb2+ 32. Rd2 Rxd2+ 33. Rf2
Rxf2+ 34. Kh1 Qg2# 0-1

[Event "Russian Championship B13 1st league 2016"]
[Site "Loo"]
[Date "2016.04.27"]
[Round "8.29"]
[White "Zhuravlev, Ignat"]
[Black "Dyatlov, Oleg"]
[Result "1/2-1/2"]
[WhiteElo "1645"]
[BlackElo "1469"]
[PlyCount "94"]
[EventDate "2016.04.20"]

1. e4 c6 2. d4 d5 3. Nc3 dxe4 4. Nxe4 Bf5 5. Ng3 Bg6 6. h4 h6 7. Nh3 e6 8. Nf4
Bh7 9. Bc4 Nf6 10. Nfh5 Nbd7 11. c3 Nxh5 12. Nxh5 Nf6 13. Bf4 Nxh5 14. Qxh5 Bd6
15. Be5 Bxe5 16. Qxe5 Qf6 17. Qxf6 gxf6 18. f3 Rg8 19. Kf2 O-O-O 20. Rae1 Kc7
21. Re2 Rg7 22. Rg1 Rdg8 23. Bb3 Rd8 24. a3 a5 25. Ba2 Rgg8 26. Bb1 Bxb1 27.
Rxb1 b5 28. b3 Rb8 29. Rbb2 Rgd8 30. f4 f5 31. b4 axb4 32. axb4 Ra8 33. Ra2 h5
34. g3 Kb6 35. Kf3 Rg8 36. Rg2 Rgd8 37. Ke3 Rg8 38. Kf3 Rgd8 39. Rgc2 Rg8 40.
Re2 Rgd8 41. Rf2 Rg8 42. Rg2 Rgd8 43. Rgf2 Rf8 44. Rg2 Rg8 45. Rgf2 Rge8 46.
Rg2 Red8 47. Rgf2 Rg8 1/2-1/2

[Event "Russian Championship B13 1st league 2016"]
[Site "Loo"]
[Date "2016.04.27"]
[Round "8.30"]
[White "Yashin, Vladimir"]
[Black "Aslanyan, Razmik"]
[Result "1/2-1/2"]
[WhiteElo "1454"]
[BlackElo "1630"]
[PlyCount "90"]
[EventDate "2016.04.20"]

1. e4 Nc6 2. Nf3 d5 3. exd5 Qxd5 4. Nc3 Qa5 5. d4 Bg4 6. Be2 Nf6 7. h3 Bh5 8.
O-O O-O-O 9. Be3 e5 10. Nxe5 Bxe2 11. Qxe2 Nxe5 12. dxe5 Qxe5 13. Qc4 Bd6 14.
g3 Qh5 15. Kg2 a6 16. Rad1 Rhe8 17. Bb6 Re7 18. Rfe1 Rxe1 19. Rxe1 Rd7 20. Rd1
Qe5 21. Bd4 Qe6 22. Qxe6 fxe6 23. Re1 Re7 24. f4 Kd7 25. Kf3 c5 26. Be5 b5 27.
a3 Kc6 28. Bxf6 gxf6 29. Ne4 Rf7 30. Nxd6 Kxd6 31. Rd1+ Kc7 32. Ke4 Rg7 33. g4
h6 34. Rd2 Re7 35. b3 Rg7 36. Rd3 Rg8 37. Rd2 Kc6 38. Rd3 Kc7 39. Rd2 Kc6 40.
Rd3 a5 41. Rd2 Ra8 42. c3 Re8 43. h4 Rg8 44. Kf3 Kc7 45. h5 Rg7 1/2-1/2

[Event "Russian Championship B13 1st league 2016"]
[Site "Loo"]
[Date "2016.04.27"]
[Round "8.31"]
[White "Bokov, Egor"]
[Black "Maximov, Mihail"]
[Result "1-0"]
[WhiteElo "1615"]
[BlackElo "1450"]
[PlyCount "73"]
[EventDate "2016.04.20"]

1. d4 f5 2. Nf3 Nf6 3. g3 e6 4. Bg2 d5 5. O-O Bd6 6. c4 c6 7. Nbd2 O-O 8. Ne5
Nbd7 9. Ndf3 Ne4 10. Bf4 Ndf6 11. h4 Nh5 12. Bg5 Be7 13. Bxe7 Qxe7 14. e3 Nhf6
15. c5 Nd7 16. b4 Nef6 17. a4 Nxe5 18. Nxe5 Nd7 19. Qc2 Nxe5 20. dxe5 Bd7 21.
Rab1 b6 22. Rfc1 g5 23. hxg5 Qxg5 24. b5 Rfc8 25. cxb6 axb6 26. bxc6 Rxc6 27.
Qb3 Rac8 28. Rxc6 Rxc6 29. Bf1 Qe7 30. Bb5 Rc5 31. Bxd7 Qxd7 32. Qxb6 Rc4 33.
a5 Ra4 34. a6 Kf7 35. Qb8 Qe8 36. Rb7+ Kf8 37. a7 1-0

[Event "Russian Championship B13 1st league 2016"]
[Site "Loo"]
[Date "2016.04.27"]
[Round "8.32"]
[White "Serov, Aleksandr"]
[Black "Smelykh, Edvin"]
[Result "1/2-1/2"]
[WhiteElo "1349"]
[BlackElo "1595"]
[PlyCount "85"]
[EventDate "2016.04.20"]

1. d4 Nf6 2. c4 e6 3. Nc3 Bb4 4. e3 c5 5. Nge2 O-O 6. a3 Bxc3+ 7. Nxc3 cxd4 8.
exd4 d5 9. c5 Nbd7 10. Bf4 a5 11. Nb5 Ne8 12. Bd3 Qf6 13. Qd2 h6 14. O-O e5 15.
dxe5 Nxe5 16. Bxe5 Qxe5 17. Rfe1 Qf6 18. Nc3 Be6 19. Rad1 Rc8 20. b4 axb4 21.
axb4 b6 22. Ba6 Rb8 23. Nxd5 Bxd5 24. Qxd5 Nc7 25. Qd3 bxc5 26. b5 Rfd8 27. Qc4
Rxd1 28. Rxd1 Nxa6 29. bxa6 Ra8 30. Qxc5 Qxa6 31. h3 Qc8 32. Qe7 Qe8 33. Qd6
Qf8 34. Qd5 Re8 35. Qf3 Qe7 36. Qc3 Qe5 37. Qxe5 Rxe5 38. Kh2 Kh7 39. Rd6 Ra5
40. g3 Rc5 41. h4 g5 42. hxg5 hxg5 43. Kh3 1/2-1/2

[Event "Russian Championship B13 1st league 2016"]
[Site "Loo"]
[Date "2016.04.27"]
[Round "8.33"]
[White "Zuev, Aleksandr"]
[Black "Kazakov, Gleb"]
[Result "1-0"]
[WhiteElo "1563"]
[BlackElo "1447"]
[PlyCount "53"]
[EventDate "2016.04.20"]

1. e4 e5 2. Nc3 Nf6 3. f4 d5 4. fxe5 Nxe4 5. Nf3 Nxc3 6. bxc3 c5 7. Be2 Be7 8.
O-O O-O 9. d4 c4 10. Qe1 Bf5 11. Bd1 Nc6 12. Qg3 Qd7 13. Nh4 Bxh4 14. Qxh4 Qe6
15. Qg5 Be4 16. Rf6 Qe7 17. Qh4 Kh8 18. Bg5 Qc7 19. Bf3 Bxc2 20. Bxd5 Bd3 21.
Be4 Bxe4 22. Qxe4 Rg8 23. Rf3 Nd8 24. Rh3 h6 25. Qf4 Qc6 26. Bxh6 g6 27. Bf8#
1-0

[Event "Russian Championship B13 1st league 2016"]
[Site "Loo"]
[Date "2016.04.27"]
[Round "8.34"]
[White "Brazhnikov, Dmitri"]
[Black "Buyukli, Egor"]
[Result "1-0"]
[WhiteElo "1359"]
[BlackElo "1754"]
[PlyCount "101"]
[EventDate "2016.04.20"]

1. e4 c5 2. Nf3 Nc6 3. d4 cxd4 4. Nxd4 Nf6 5. Nc3 d6 6. Be3 g6 7. Bc4 Bg7 8. f3
Bd7 9. Qd2 O-O 10. O-O-O Qb8 11. Bh6 Nxd4 12. Bxg7 Nxf3 13. gxf3 Kxg7 14. h4
Qc7 15. Be2 Qc5 16. f4 Bg4 17. Bxg4 Nxg4 18. Nd5 Nf2 19. b4 Nxe4 20. bxc5 Nxd2
21. Rxd2 dxc5 22. Nxe7 Kf6 23. Nd5+ Kf5 24. Re1 Rfe8 25. Rg1 Rad8 26. Rg5+ Ke4
27. Nf6+ Kxf4 28. Nxe8 Rxe8 29. Rf2+ Ke3 30. Rxf7 c4 31. Rxh7 c3 32. Rc7 Kd4
33. Rg4+ Ke5 34. Rxc3 Kf5 35. Rg5+ Kf6 36. Rcg3 Re1+ 37. Kb2 Rh1 38. Rxg6+ Kf7
39. R6g4 Ke6 40. Rg6+ Kf5 41. R3g5+ Kf4 42. Rf6+ Ke4 43. h5 a6 44. h6 b5 45.
Rg7 Ke5 46. Rxa6 b4 47. h7 b3 48. axb3 Rh4 49. Rg5+ Kf4 50. Ra4+ Kxg5 51. Rxh4
1-0

[Event "Russian Championship B13 1st league 2016"]
[Site "Loo"]
[Date "2016.04.27"]
[Round "8.35"]
[White "Agabekov, Saveliy"]
[Black "Kundianok, Vladislav"]
[Result "1-0"]
[WhiteElo "1567"]
[BlackElo "1767"]
[PlyCount "105"]
[EventDate "2016.04.20"]

1. d4 Nf6 2. c4 g6 3. f3 d5 4. cxd5 Nxd5 5. e4 Nb6 6. Nc3 Bg7 7. Be3 O-O 8. Qd2
Nc6 9. O-O-O Na5 10. g4 Nbc4 11. Qf2 Nxe3 12. Qxe3 Qd6 13. h4 Rd8 14. e5 Qb4
15. h5 Nc4 16. Bxc4 Qxc4 17. hxg6 fxg6 18. Nge2 b5 19. Kb1 Ba6 20. b3 Qc6 21.
Rh3 b4 22. Na4 Qb5 23. Ng3 Qd5 24. f4 Bb5 25. Nc5 Bc6 26. Rd2 a5 27. Rdh2 h6
28. f5 Qxd4 29. Qxd4 Rxd4 30. Ne6 Rd1+ 31. Kc2 Rad8 32. Nxd8 Rxd8 33. fxg6 Bxe5
34. Re2 Bf6 35. Nf5 Bb5 36. Nxh6+ Kg7 37. Nf5+ Kxg6 38. Nxe7+ Kg5 39. Rh5+ Kxg4
40. Rxb5 Re8 41. Rxa5 Rxe7 42. Rxe7 Bxe7 43. Ra7 Bd6 44. Kd3 Kf5 45. Kc4 Ke6
46. Rb7 Kd7 47. Rxb4 Bxb4 48. Kxb4 Kc6 49. Kc4 Kb6 50. b4 c6 51. a4 Ka6 52. Kc5
Kb7 53. a5 1-0

[Event "Russian Championship B13 1st league 2016"]
[Site "Loo"]
[Date "2016.04.27"]
[Round "8.36"]
[White "Levkin, Lev"]
[Black "Chuklin, Ivan"]
[Result "1-0"]
[WhiteElo "1753"]
[BlackElo "1557"]
[PlyCount "111"]
[EventDate "2016.04.20"]

1. d4 Nf6 2. c4 e5 3. e3 e4 4. Nc3 c6 5. Bd2 d5 6. c5 Be7 7. b4 O-O 8. a4 Bf5
9. Nge2 Qd7 10. Ng3 Bg6 11. Be2 Bd8 12. a5 a6 13. Na4 Qe6 14. Nb6 Bxb6 15. axb6
Nbd7 16. h4 h6 17. Nf1 Bf5 18. Nh2 g5 19. hxg5 hxg5 20. g4 Bg6 21. Qc2 Kg7 22.
O-O-O Rh8 23. Rdg1 Qe7 24. Qd1 Nh7 25. Nf1 f6 26. Ng3 Qf7 27. Rh2 Rag8 28. Rgh1
Nhf8 29. Rxh8 Rxh8 30. Rxh8 Kxh8 31. Qh1+ Qh7 32. Qxh7+ Kxh7 33. Bc3 Ne6 34. f3
Ng7 35. fxe4 Bxe4 36. Nxe4 dxe4 37. Bc4 f5 38. gxf5 g4 39. Kd2 Nb8 40. f6 Nf5
41. Be6 Nh6 42. f7 Kg7 43. d5+ Kf8 44. Be5 Nd7 45. Bd6+ Kg7 46. Bxd7 Nxf7 47.
dxc6 Nxd6 48. cxd6 g3 49. Bh3 Kf7 50. d7 Ke7 51. c7 a5 52. d8=Q+ Kf7 53. c8=R
axb4 54. Qd6 g2 55. Rc7+ Kg8 56. Qd8# 1-0

[Event "Russian Championship B13 1st league 2016"]
[Site "Loo"]
[Date "2016.04.27"]
[Round "8.37"]
[White "Traschenko, Damir"]
[Black "Filatov, Georgy"]
[Result "1/2-1/2"]
[WhiteElo "1733"]
[BlackElo "1545"]
[PlyCount "105"]
[EventDate "2016.04.20"]

1. e4 e5 2. Nc3 Nf6 3. Bc4 Nxe4 4. Qh5 Nd6 5. Bb3 Be7 6. Nf3 Nc6 7. Nb5 O-O 8.
Nxd6 cxd6 9. O-O b6 10. d3 Bb7 11. Bg5 Na5 12. Bxe7 Qxe7 13. Ng5 h6 14. Ne4
Nxb3 15. axb3 a5 16. f4 exf4 17. Rxf4 Qe5 18. Rf5 Qd4+ 19. Rf2 Bxe4 20. dxe4
Qxe4 21. Raf1 Qg6 22. Qb5 Rac8 23. c3 Rc6 24. b4 Qg5 25. Rf5 Qe3+ 26. Kh1 axb4
27. Qxb4 Qe6 28. Qf4 Rc5 29. h3 Rxf5 30. Qxf5 Qxf5 31. Rxf5 Rc8 32. Rd5 Rc6 33.
Rd3 Kf8 34. g4 Ke7 35. Kg2 Ke6 36. Kf3 g5 37. Rd4 f5 38. gxf5+ Kxf5 39. h4 Ke6
40. Re4+ Kf6 41. hxg5+ hxg5 42. Re8 Rc5 43. Rb8 Rb5 44. b4 d5 45. Ke3 Kf5 46.
Rf8+ Kg4 47. Rd8 Kg3 48. Rxd7 g4 49. Rg7 Kh3 50. Rh7+ Kg2 51. Rg7 Kh3 52. Kf2
Kh4 53. Ke3 1/2-1/2

[Event "Russian Championship B13 1st league 2016"]
[Site "Loo"]
[Date "2016.04.27"]
[Round "8.38"]
[White "Karavaev, Aleksandr"]
[Black "Tsukhaev, Musa"]
[Result "0-1"]
[WhiteElo "1662"]
[BlackElo "1518"]
[PlyCount "152"]
[EventDate "2016.04.20"]

1. e4 c5 2. Nf3 d6 3. Bc4 Nc6 4. h3 Nf6 5. d3 g6 6. c3 Bg7 7. O-O O-O 8. Bb3 a6
9. Re1 b5 10. Bf4 Bb7 11. Nbd2 Rc8 12. Nf1 Na5 13. Ng3 c4 14. dxc4 Nxc4 15.
Bxc4 bxc4 16. Qa4 Nd7 17. Nd2 Nc5 18. Qxc4 e5 19. Be3 Nxe4 20. Qb4 Nxd2 21.
Qxb7 Nc4 22. b3 Nxe3 23. Rxe3 Qa5 24. Ne4 Rc7 25. Qb4 Qxb4 26. cxb4 Rd8 27. Rd1
d5 28. Red3 d4 29. Nd2 f5 30. Nc4 e4 31. R3d2 d3 32. a3 Kf7 33. Kf1 Ke6 34. Ra2
Kf7 35. Rad2 Re7 36. Ra2 f4 37. a4 e3 38. fxe3 fxe3 39. Nxe3 Rxe3 40. b5 axb5
41. axb5 Rb8 42. Rad2 Rxb5 43. Rxd3 Rxb3 44. Rd7+ Re7 45. R7d2 Rb6 46. Kg1 Rbe6
47. Kf2 Bc3 48. Rc2 Ba5 49. Rb2 Bb6+ 50. Kg3 Re3+ 51. Kh2 Bc7+ 52. Kg1 Re1+ 53.
Rxe1 Rxe1+ 54. Kf2 Re7 55. Rb4 Kf6 56. Rb3 h5 57. Rb5 Be5 58. Kf3 Kf5 59. Rc5
Rd7 60. Rc8 Rd3+ 61. Ke2 Ra3 62. Rf8+ Kg5 63. Rg8 Kf5 64. Rf8+ Bf6 65. Rc8 Rc3
66. Ra8 g5 67. Ra5+ Kg6 68. Ra4 Kf5 69. Ra5+ Kf4 70. h4 g4 71. Rxh5 Kg3 72. Rh6
Bxh4 73. Rg6 Rc2+ 74. Kf1 Rf2+ 75. Kg1 Rxg2+ 76. Kf1 Rb2 0-1

[Event "Russian Championship B13 1st league 2016"]
[Site "Loo"]
[Date "2016.04.27"]
[Round "8.39"]
[White "Sobashnikov, Ivan"]
[Black "Ogorodnikov, Nikolai"]
[Result "1-0"]
[WhiteElo "1525"]
[BlackElo "1633"]
[PlyCount "55"]
[EventDate "2016.04.20"]

1. e4 e6 2. Qe2 Be7 3. Nc3 c5 4. g3 Nc6 5. Bg2 d6 6. d3 Nd4 7. Qd1 b5 8. Nge2
e5 9. Nxd4 exd4 10. Ne2 Bb7 11. O-O Qd7 12. Re1 Nf6 13. Bd2 h5 14. h4 Ng4 15.
Bh3 f5 16. exf5 Qxf5 17. Nf4 Kf7 18. f3 g5 19. fxg4 hxg4 20. Bxg4 Qh7 21. Qe2
Ke8 22. Ng6 Kd8 23. Ba5+ Ke8 24. Nxh8 gxh4 25. Bh5+ Kd7 26. Qe6+ Kc6 27. Bf3+
Qe4 28. Bxe4# 1-0

[Event "Russian Championship B13 1st league 2016"]
[Site "Loo"]
[Date "2016.04.27"]
[Round "8.40"]
[White "Zhuk, Kirill"]
[Black "Fonichkin, Egor"]
[Result "1/2-1/2"]
[WhiteElo "1515"]
[BlackElo "1631"]
[PlyCount "109"]
[EventDate "2016.04.20"]

1. e4 d6 2. d4 Nf6 3. Nc3 c6 4. f4 Qa5 5. Bd2 e5 6. fxe5 dxe5 7. Nd5 Qd8 8.
Nxf6+ Qxf6 9. Nf3 Bg4 10. dxe5 Qe6 11. h3 Bxf3 12. Qxf3 Nd7 13. Bf4 Nxe5 14.
Bxe5 Qxe5 15. O-O-O Bd6 16. Kb1 O-O 17. Qf5 Qxf5 18. exf5 Rad8 19. Bc4 Be5 20.
a3 Bf6 21. g4 g6 22. Rhf1 Rxd1+ 23. Rxd1 Rd8 24. Rxd8+ Bxd8 25. fxg6 hxg6 26.
Kc1 Kg7 27. b3 f6 28. Kd2 g5 29. Kd3 Kf8 30. Be6 Ke7 31. Bc8 b6 32. Ke4 Kd6 33.
b4 b5 34. Bf5 Bb6 35. Kd3 Bf2 36. c4 bxc4+ 37. Kxc4 c5 38. bxc5+ Bxc5 39. a4 a5
40. Kb5 Bb4 41. Bd3 Ke5 42. Be2 Kf4 43. Kc4 Kg3 44. Bf1 Kf2 45. Bd3 Kg2 46. Bf5
Kxh3 47. Kb5 Kg3 48. Kc4 Kf3 49. Kd3 Kf2 50. Kc4 Ke3 51. Kb5 Kd4 52. Bc8 Kd5
53. Bf5 Kd4 54. Bc8 Ke5 55. Bf5 1/2-1/2

[Event "Russian Championship B13 1st league 2016"]
[Site "Loo"]
[Date "2016.04.27"]
[Round "8.41"]
[White "Yadigarov, Aivaz"]
[Black "Ivlev, Aleksandr"]
[Result "1-0"]
[WhiteElo "1441"]
[BlackElo "1625"]
[PlyCount "107"]
[EventDate "2016.04.20"]

1. d4 Nf6 2. c4 g6 3. Nc3 Bg7 4. e4 d6 5. h3 O-O 6. Nf3 Nbd7 7. Bg5 e5 8. d5 h6
9. Be3 Ne8 10. g4 Kh7 11. Be2 Nb8 12. Nd2 f5 13. exf5 gxf5 14. gxf5 Bxf5 15.
Bg4 Qf6 16. Nde4 Qg6 17. Bxf5 Qxf5 18. Qg4 Nd7 19. O-O-O Qf7 20. Rdg1 Nef6 21.
Qf5+ Kh8 22. Qg6 Qxg6 23. Rxg6 Kh7 24. Rhg1 Rf7 25. Kc2 a6 26. Kd3 Rg8 27.
Nxf6+ Nxf6 28. Ne4 Nxe4 29. Kxe4 b6 30. Bxh6 Bxh6 31. Rxg8 Rf4+ 32. Kd3 Rxf2
33. Rc8 Rf3+ 34. Kc2 Rf7 35. Rg2 e4 36. Re8 e3 37. Kd3 Rd7 38. Re6 Rf7 39. Rgg6
Bf4 40. Rgf6 Rxf6 41. Rxf6 Be5 42. Rf7+ Kg6 43. Rxc7 Bxb2 44. Kxe3 Ba3 45. Kf3
Kf5 46. h4 Bb4 47. Rf7+ Kg6 48. Rb7 Bc5 49. Rc7 Kh5 50. Rxc5 bxc5 51. Kg3 a5
52. a4 Kh6 53. Kg4 Kg6 54. Kf4 1-0

[Event "Russian Championship B13 1st league 2016"]
[Site "Loo"]
[Date "2016.04.27"]
[Round "8.42"]
[White "Abdulaev, Almaz"]
[Black "Onishchenko, Gennady"]
[Result "1-0"]
[WhiteElo "1451"]
[BlackElo "1612"]
[PlyCount "99"]
[EventDate "2016.04.20"]

1. d4 Nf6 2. c4 c5 3. d5 b5 4. b3 d6 5. f3 g6 6. Bb2 bxc4 7. bxc4 Bg7 8. e4 O-O
9. Bd3 Na6 10. a3 Qb6 11. Bc3 Nh5 12. Bxg7 Kxg7 13. Qd2 e5 14. Ne2 Nf4 15. Nxf4
exf4 16. O-O g5 17. Nc3 Bd7 18. Rab1 Qd8 19. Qb2 Rb8 20. Nb5+ f6 21. Qc3 Bxb5
22. cxb5 Nc7 23. a4 Qd7 24. Qc4 Rb7 25. Rb2 Rfb8 26. Rfb1 Na6 27. Qc3 Nb4 28.
Bf1 Qe7 29. g3 Qe5 30. Qxe5 fxe5 31. gxf4 gxf4 32. Rg2+ Kf6 33. Rbb2 Rg7 34.
Rxg7 Kxg7 35. Rg2+ Kf6 36. h4 Rb7 37. h5 a6 38. h6 axb5 39. axb5 Rb6 40. Rg7
Nc2 41. Rxh7 Kg6 42. Rc7 Nd4 43. h7 Rb8 44. b6 Nxf3+ 45. Kf2 Ng5 46. b7 Nxh7
47. Ba6 Nf6 48. Kf3 Kh6 49. Rc8 Nd7 50. Rc6 1-0

[Event "Russian Championship B13 1st league 2016"]
[Site "Loo"]
[Date "2016.04.27"]
[Round "8.43"]
[White "Shkrebko, Mikhail"]
[Black "Khanzhin, Timur"]
[Result "1/2-1/2"]
[WhiteElo "1407"]
[BlackElo "1582"]
[PlyCount "92"]
[EventDate "2016.04.20"]

1. d4 Nf6 2. c4 e6 3. Nf3 b6 4. e3 Bb7 5. Be2 Be7 6. Nc3 d6 7. O-O Nbd7 8. Qc2
O-O 9. b3 c5 10. Bb2 cxd4 11. Nxd4 d5 12. cxd5 Nxd5 13. Nxd5 Bxd5 14. Bf3 Rc8
15. Qe2 Bxf3 16. Nxf3 Nc5 17. Rfd1 Qc7 18. Rac1 Qb7 19. h3 Rfd8 20. Nd4 h6 21.
Qf3 Qxf3 22. Nxf3 f6 23. Kf1 e5 24. Ke2 e4 25. Nd4 Nd3 26. Rxc8 Rxc8 27. Rd2
Bb4 28. Rc2 Rxc2+ 29. Nxc2 Bc5 30. Bd4 Nc1+ 31. Kd2 Nxa2 32. Bxc5 bxc5 33. f3
exf3 34. gxf3 Kf7 35. Kd3 Ke6 36. Kc4 Kd6 37. e4 a6 38. Ne3 g6 39. Ng4 Nc1 40.
Nxf6 Ne2 41. h4 Nd4 42. f4 Ne6 43. e5+ Kc6 44. Nd5 Kd7 45. Kd3 Kd8 46. Kc4 Kd7
1/2-1/2

[Event "Russian Championship B13 1st league 2016"]
[Site "Loo"]
[Date "2016.04.27"]
[Round "8.44"]
[White "Novikov, Ivan"]
[Black "Akhmetshin, Alexander"]
[Result "0-1"]
[WhiteElo "1330"]
[BlackElo "1579"]
[PlyCount "114"]
[EventDate "2016.04.20"]

1. c4 c5 2. Nf3 Nc6 3. d4 cxd4 4. Nxd4 g6 5. e4 Bg7 6. Be3 e6 7. Nc3 Nge7 8.
Ndb5 O-O 9. Nd6 b6 10. Nxc8 Rxc8 11. Qd2 Na5 12. b3 d5 13. Bh6 dxc4 14. Bxg7
Qxd2+ 15. Kxd2 Kxg7 16. bxc4 Nxc4+ 17. Kc2 Rfd8 18. Bxc4 Rxc4 19. Kb3 Rdc8 20.
Nb5 a6 21. Nd6 Rc3+ 22. Kb4 a5+ 23. Ka4 Rd8 24. Rhd1 Kf8 25. f3 Rc2 26. Kb5
Rxg2 27. Kxb6 Nc8+ 28. Nxc8 Rxc8 29. Kxa5 Ra8+ 30. Kb5 Raxa2 31. Rxa2 Rxa2 32.
Kc4 Rxh2 33. Kd4 Rh3 34. Ke3 g5 35. Rg1 h6 36. Kf2 Rh2+ 37. Kg3 Rd2 38. Kg4 Kg7
39. Rc1 Rd4 40. Kg3 h5 41. Rc5 f6 42. Rc6 e5 43. Rc3 Rd1 44. Rc2 Kg6 45. Ra2
Rd3 46. Ra6 g4 47. Ra2 Rxf3+ 48. Kg2 Kg5 49. Kh1 Kf4 50. Re2 g3 51. Kg1 h4 52.
Kh1 Rf1+ 53. Kg2 Rf2+ 54. Kg1 Rxe2 55. Kf1 g2+ 56. Kg1 h3 57. Kh2 Re1 0-1

[Event "Russian Championship B13 1st league 2016"]
[Site "Loo"]
[Date "2016.04.27"]
[Round "8.46"]
[White "Mkrtchyan, Mikhail"]
[Black "Voropaev, Fedor"]
[Result "0-1"]
[WhiteElo "1452"]
[BlackElo "1740"]
[PlyCount "54"]
[EventDate "2016.04.20"]

1. e4 c5 2. Nf3 Nc6 3. d4 cxd4 4. Nxd4 Nf6 5. Nc3 d6 6. Bb5 Bd7 7. Be3 g6 8.
O-O Bg7 9. Qe2 O-O 10. Rad1 Nxd4 11. Bxd4 Bxb5 12. Qxb5 Qd7 13. Qxd7 Nxd7 14.
Bxg7 Kxg7 15. Nd5 Rae8 16. Rfe1 Nf6 17. e5 dxe5 18. Rxe5 Nxd5 19. Rexd5 Rc8 20.
c3 Rc7 21. Rd7 Rfc8 22. f3 e6 23. R1d4 Kf8 24. Kf2 Ke8 25. R7d6 Rc4 26. Ke3
Rxd4 27. Kxd4 Ke7 0-1

[Event "Russian Championship B13 1st league 2016"]
[Site "Loo"]
[Date "2016.04.27"]
[Round "8.47"]
[White "Lebedev, Nikita"]
[Black "Romanov, Alamin"]
[Result "1-0"]
[WhiteElo "1629"]
[BlackElo "1452"]
[PlyCount "73"]
[EventDate "2016.04.20"]

1. e4 e5 2. Nf3 Nc6 3. Bb5 f5 4. d4 fxe4 5. Nxe5 a6 6. Bxc6 dxc6 7. Qh5+ g6 8.
Nxg6 Nf6 9. Qe5+ Be7 10. Nxh8 Qd6 11. Qxd6 cxd6 12. Nc3 d5 13. Na4 Bf8 14. Nb6
Rb8 15. Bf4 Bg7 16. Bxb8 Kd8 17. Nf7+ Ke7 18. Nxc8+ Kxf7 19. O-O Nd7 20. Be5
Nxe5 21. dxe5 Bxe5 22. c3 Bc7 23. f3 Ke6 24. fxe4 Kd7 25. exd5 cxd5 26. Rad1
Kxc8 27. Rxd5 Bb6+ 28. Kh1 Kc7 29. Rf7+ Kc6 30. Rh5 Bc5 31. Rfxh7 b5 32. Rxc5+
Kxc5 33. g4 Kd5 34. g5 b4 35. cxb4 a5 36. Re7 axb4 37. g6 1-0

[Event "Russian Championship B13 1st league 2016"]
[Site "Loo"]
[Date "2016.04.27"]
[Round "8.48"]
[White "Aralovetc, Mikhail"]
[Black "Senkevich, German"]
[Result "1-0"]
[WhiteElo "1625"]
[BlackElo "1433"]
[PlyCount "67"]
[EventDate "2016.04.20"]

1. d4 d5 2. c4 e5 3. dxe5 d4 4. Nf3 Nc6 5. g3 Nge7 6. Bg2 Ng6 7. Bg5 Bb4+ 8.
Nbd2 Be7 9. Bxe7 Qxe7 10. Qa4 Bd7 11. Qb3 Ngxe5 12. Nxe5 Qxe5 13. Nf3 Qe7 14.
a3 O-O 15. Qd3 Rfe8 16. b4 a6 17. Ra2 Rad8 18. O-O Be6 19. Rd2 Qf6 20. Rfd1 a5
21. b5 Bf5 22. Qb3 a4 23. Qxa4 Ra8 24. Qb3 Na5 25. Qb4 c5 26. bxc6 Nxc6 27. Qb3
Na5 28. Qb4 Rec8 29. c5 Nc6 30. Qb2 Ra5 31. Nxd4 Rxc5 32. Nxf5 Qxb2 33. Rxb2
Rxf5 34. Rxb7 1-0

[Event "Russian Championship B13 1st league 2016"]
[Site "Loo"]
[Date "2016.04.27"]
[Round "8.49"]
[White "Chelebaev, Mikhail"]
[Black "Bukatin, Arseny"]
[Result "0-1"]
[WhiteElo "1397"]
[BlackElo "1620"]
[PlyCount "150"]
[EventDate "2016.04.20"]

1. e4 e5 2. Nf3 Nc6 3. d4 exd4 4. Nxd4 Bc5 5. Be3 Qf6 6. c3 Nge7 7. Qd2 a6 8.
Nxc6 Bxe3 9. Qxe3 Nxc6 10. Nd2 d6 11. Be2 O-O 12. O-O Bd7 13. f3 Rfe8 14. Nb3
Qe7 15. Rad1 f5 16. Bd3 fxe4 17. Qxe4 Qxe4 18. Bxe4 Rab8 19. Rfe1 Ne5 20. Bd5+
Kf8 21. Kf2 Ba4 22. Rd2 c6 23. Be4 Bxb3 24. axb3 d5 25. Bc2 g6 26. Rde2 Nf7 27.
Rxe8+ Rxe8 28. Rxe8+ Kxe8 29. Ke3 Ke7 30. Kd4 Kd6 31. f4 Nh6 32. h3 c5+ 33. Ke3
Ke6 34. g4 Ng8 35. f5+ Kf6 36. Kf4 g5+ 37. Ke3 Ke5 38. b4 cxb4 39. cxb4 Nf6 40.
Bb3 b5 41. Bc2 h6 42. Bb3 h5 43. Bd1 hxg4 44. hxg4 d4+ 45. Kd3 Nd5 46. Kd2 Nxb4
47. Be2 Nd5 48. Bf3 Ne3 49. Kd3 Nc4 50. b3 Nd6 51. Be2 Ne4 52. Bf3 Nf6 53. Be2
a5 54. Bd1 Kd5 55. Bf3+ Kc5 56. Be2 a4 57. bxa4 bxa4 58. Kc2 Kb4 59. Kb2 a3+
60. Ka2 Kc3 61. Kxa3 d3 62. Bf3 Kc2 63. Kb4 d2 64. Kc4 d1=Q 65. Bxd1+ Kxd1 66.
Kd4 Ke2 67. Ke5 Nxg4+ 68. Ke4 Kf2 69. Kd5 Kf3 70. Ke6 Nh6 71. Kf6 Kf4 72. Kg6
Nxf5 73. Kh5 g4 74. Kg6 g3 75. Kf6 g2 0-1

[Event "Russian Championship B13 1st league 2016"]
[Site "Loo"]
[Date "2016.04.27"]
[Round "8.50"]
[White "Kostenko, Kirill"]
[Black "Stolyarov, Egor"]
[Result "1-0"]
[WhiteElo "1614"]
[BlackElo "1392"]
[PlyCount "75"]
[EventDate "2016.04.20"]

1. d4 Nf6 2. c4 c5 3. d5 d6 4. Nc3 g6 5. e4 Nbd7 6. f4 Bg7 7. Nf3 O-O 8. Bd3
Ne8 9. Qc2 Nc7 10. O-O Nb6 11. Be3 a6 12. a3 Rb8 13. Rab1 Bd7 14. b4 cxb4 15.
axb4 Nc8 16. c5 b5 17. e5 Bg4 18. exd6 exd6 19. cxd6 Bxc3 20. dxc7 Qxc7 21.
Rbc1 Nb6 22. Bxb6 Qxb6+ 23. Kh1 Bg7 24. Qc5 Qb7 25. Ne5 Rbc8 26. Nc6 Kh8 27. f5
Qd7 28. f6 Bh6 29. Rce1 Rfd8 30. Re7 Qd6 31. Re8+ Bf8 32. Rxd8 Qxd8 33. Nxd8
Bxc5 34. Nxf7+ Kg8 35. Nh6+ Kf8 36. bxc5 Bd7 37. c6 Bf5 38. Nxf5 1-0